Pengurusan sukan
Saved in:
| Main Author: | |
|---|---|
| Format: | Book |
| Published: |
Kuala Lumpur
Utusan Publications & Distributors
1998
|
| Series: | Siri pengurusan dan pentadbiran Utusan
|
| Subjects: | |
| Tags: |
Add Tag
No Tags, Be the first to tag this record!
|
| Call Number : | GV 713 O42 1998 |
MARC
| LEADER | 00000pam a2200000 4500 | ||
|---|---|---|---|
| 001 | 18473 | ||
| 003 | MY-KLNDU | ||
| 005 | 20241218061139.0 | ||
| 020 | 0 | 0 | |a 9676108812 |
| 035 | |a 0000018513 | ||
| 039 | 9 | |y 200910091009 |z VLOAD | |
| 090 | 0 | 0 | |a GV 713 |b O42 1998 |
| 100 | 1 | 0 | |a Omardin Haji Ashaari |y 1937- |
| 245 | 1 | 0 | |a Pengurusan sukan |c Omardin Ashaari |
| 260 | 0 | 0 | |a Kuala Lumpur |b Utusan Publications & Distributors |c 1998 |
| 300 | |a 483p |b ill |c 25cm | ||
| 440 | 0 | 0 | |a Siri pengurusan dan pentadbiran Utusan |
| 650 | 0 | 0 | |a Management |
| 650 | 0 | 0 | |a Sports administration |
| 999 | |a vtls000018512 |c 18473 |d 18473 | ||


